| 000 | 00948nam a22002417a 4500 | ||
|---|---|---|---|
| 003 | BD-DhSAU | ||
| 005 | 20210930094002.0 | ||
| 008 | 210929b |||||||| |||| 00| 0 eng d | ||
| 040 | _aBD-DhSAU | ||
| 082 |
_222 _a571.92 _bM2788 |
||
| 100 |
_aMAHMUD, KAWSAR _eREGISTRATION NO. #19-10105 |
||
| 245 |
_aManagement of anthracnose disease of chilli caused by (colletotrichum capsici) through selected treatments for seed production / _bMs Thesis |
||
| 260 |
_aSher-e-bangla Agricultural University Dhaka 1207; _bDepartment of Plant Pathology; _c2020.; |
||
| 300 |
_axi.; _b63p.; _c30cm.; |
||
| 500 | _aIncluding Index.; | ||
| 590 | _anazmul | ||
| 600 | _qanthracnose disease of chilli | ||
| 610 | _aseed production | ||
| 700 |
_aProf. Dr. Md. Rafiqul Islam _eSupervisor |
||
| 710 |
_aProf. Dr. Fatema Begum _eCo-Supervisor |
||
| 856 |
_u http://archive.saulibrary.edu.bd:8080/xmlui/handle/123456789/3556 _yOnline Access |
||
| 942 |
_2ddc _cTHESIS |
||
| 999 |
_c15355 _d15354 |
||